000 00531nam a22001817a 4500
999 _c16731
_d16731
003 AR-CdUCM
008 190504b ||||| |||| 00| 0 spa d
040 _aMUNICIPALIDAD PROVINCIAL DEL CUSCO
_cBIBLIOTECA MUNICIPAL DEL CUSCO
082 _a869.33 /
_bG98
100 _aGuzman Chuchaga, Juan.
_936343
245 _aMártires y Heroínas /
260 _aChile :
_bNascimiento,
300 _a180 páginas ;
_c19 cm.
505 _aContenido :Poesía.
650 _aPoesía.
_9139
942 _2ddc
_cLIBROS
945 _arum
_d2019-05-04